Employment outlook in railroad occupations (Record no. 36651)

MARC details
000 -LEADER
fixed length control field 01055cam a22002891 4500
001 - CONTROL NUMBER
control field l 49000057
003 - CONTROL NUMBER IDENTIFIER
control field DLC
005 - DATE AND TIME OF LATEST TRANSACTION
control field 20260227111541.0
008 - FIXED-LENGTH DATA ELEMENTS--GENERAL INFORMATION
fixed length control field 871128s1949 dcua b f000 0 eng c
010 ## - LIBRARY OF CONGRESS CONTROL NUMBER
LC control number l 49000057
035 ## - SYSTEM CONTROL NUMBER
System control number (OCoLC)17109585
040 ## - CATALOGING SOURCE
Original cataloging agency U.S. Dept. of Labor. Library
Transcribing agency Mi
Modifying agency Mi
-- DLC
042 ## - AUTHENTICATION CODE
Authentication code premarc
050 00 - LIBRARY OF CONGRESS CALL NUMBER
Classification number HD8051
Item number .A62 no. 961
082 ## - DEWEY DECIMAL CLASSIFICATION NUMBER
Classification number 331.7656
100 1# - MAIN ENTRY--PERSONAL NAME
Personal name Wood, Helen.
245 10 - TITLE STATEMENT
Title Employment outlook in railroad occupations
Statement of responsibility, etc. [by Helen Wood, Gloria Count, and Raymond D. Larson]
260 ## - PUBLICATION, DISTRIBUTION, ETC.
Place of publication, distribution, etc. Washington,
Name of publisher, distributor, etc. U.S. Govt. Print. Off.,
Date of publication, distribution, etc. 1949.
300 ## - PHYSICAL DESCRIPTION
Extent iii, 52 p.
Other physical details illus.
Dimensions 25 cm.
490 1# - SERIES STATEMENT
Series statement United States. Bureau of Labor Statistics. Bulletin
Volume/sequential designation no. 961
490 1# - SERIES STATEMENT
Series statement Occupational outlook series
504 ## - BIBLIOGRAPHY, ETC. NOTE
Bibliography, etc. note "Suggested readings": p. 50.
650 #0 - SUBJECT ADDED ENTRY--TOPICAL TERM
Topical term or geographic name entry element Railroads
Geographic subdivision United States
General subdivision Employees.
650 #0 - SUBJECT ADDED ENTRY--TOPICAL TERM
Topical term or geographic name entry element Vocational guidance.
830 #0 - SERIES ADDED ENTRY--UNIFORM TITLE
Uniform title Bulletin (United States. Bureau of Labor Statistics) ;
Volume/sequential designation no. 961.
810 1# - SERIES ADDED ENTRY--CORPORATE NAME
Corporate name or jurisdiction name as entry element United States.
Subordinate unit Bureau of Labor Statistics.
Title of a work Occupational outlook series.

No items available.

Powered by Koha